| 000 | 00763nam a2200217Ia 4500 | ||
|---|---|---|---|
| 005 | 20220317093802.0 | ||
| 008 | 210716s2008 xx 000 0 und d | ||
| 020 | _a9780070635883 | ||
| 040 | _cAIMIT LIBRARY | ||
| 041 | _aeng | ||
| 082 |
_a658.848 _21 _bPAUJ |
||
| 100 |
_aPaul, Justin. _923947 |
||
| 245 |
_aInternational marketing : _btext and cases / _cBy Justin Paul and Ramneek Kapoor. |
||
| 250 | _a1st ed. | ||
| 260 |
_aNew Delhi : _bTata McGraw Hill Publishing Company Ltd , _c2008. |
||
| 300 |
_aXvii, 379p. ; _c24 cm. |
||
| 650 |
_aCountry analysis selection market size and marketing mix _923948 |
||
| 650 |
_aInternational product policy planning and strategy _923956 |
||
| 700 |
_aKapoor, Ramneek. _923957 |
||
| 942 |
_2ddc _cBK _e1st _k658.848 PAUJ |
||
| 999 |
_c202134 _d202134 |
||